Compare

Detalles Bibliográficos
Autor Corporativo: British Association for International and Comparative Education
Formato: Electrónico Revista
Lenguaje:inglés
Publicado: [Abingdon, Oxfordshire] : Carfax International Publishers
Materias:
Acceso en línea:Full text available from Research Library: 06/01/1997 to 10/31/2000

MARC

LEADER 00000nas a2200000 a 4500
001 ssj0004362
003 WaSeSS
005 20200512172242.0
006 m d
007 cr n
008 000707c19689999enkbr p s 0 0eng c
010 |a  2007233746 
015 |a GBA603077  |2 bnb 
016 7 |a 013352510  |2 Uk 
022 |a 1469-3623  |l 0305-7925  |y 0305-7925 
035 |a (WaSeSS)ssj0004362 
040 |a F#A  |b eng  |c F#A  |d OCLCQ  |d CGU  |d AAA  |d OCLCQ  |d GUA  |d OCLCQ  |d UKMGB  |d OCLCQ  |d OCLCF  |d OCLCO  |d VT2  |d OCLCQ  |d WT2  |d DLC  |d NLE  |d AU@  |d OCLCQ  |d WaSeSS 
042 |a pcc 
043 |a e------ 
050 0 0 |a LB43 
082 0 4 |a 370.9 
130 0 |a Compare (Online) 
245 1 0 |a Compare  |h [electronic resource]. 
246 1 |i Journal title screen also has title:  |a Compare: A Journal of Comparative and International Education 
260 |a [Abingdon, Oxfordshire] :  |b Carfax International Publishers 
310 |a 6 issues per year,  |b 2008- 
321 |a Four times a year,  |b 2003- 
321 |a Three no. a year,  |b -2002 
362 1 |a Print began in 1968. 
506 |a License restrictions may limit access. 
538 |a Mode of access: World Wide Web. 
588 0 |a Vol. 27, issue 2 (June 1997); title from contents screen (Informaworld, viewed Sept. 12, 2007). 
588 1 |a Volume 48, issue 1 (2018) (Taylor & Francis Online, viewed December 14, 2017). 
650 0 |a Comparative education  |v Periodicals. 
650 7 |a Comparative education.  |2 fast  |0 (OCoLC)fst00871331 
655 0 |a Electronic journals. 
710 2 |a British Association for International and Comparative Education. 
776 0 8 |i Print version:  |t Compare  |x 0305-7925  |w (DLC)sn 85010104  |w (OCoLC)4030265 
850 |a DLC 
856 4 0 |z Full text available from Research Library: 06/01/1997 to 10/31/2000  |u https://search.proquest.com/publication/33192